| 000 | 00459nam a22001457a 4500 | ||
|---|---|---|---|
| 008 | 230406b |||||||| |||| 00| 0 eng d | ||
| 040 |
_aNational Science Library _cNational Science Library |
||
| 080 |
_a081 Priestley _bK2 |
||
| 245 |
_aJoseph Priestley: _bSelections from his writings |
||
| 260 |
_aPennsylvania: _bThe Pennsylvania state University Press, _c1962 |
||
| 300 | _a343p. | ||
| 650 | _aEssays | ||
| 700 | _aBrown, Ira V (Ed.) | ||
| 942 |
_2udc _cBK |
||
| 999 |
_c19288 _d19288 |
||